Normal view
MARC view
Entry Personal Name
001 - CONTROL NUMBER
- control field: 1152876
003 - CONTROL NUMBER IDENTIFIER
- control field: OSt
005 - DATE AND TIME OF LATEST TRANSACTION
- control field: 20260324114954.0
008 - FIXED-LENGTH DATA ELEMENTS
- fixed length control field: 260324|| aca||aabn | a|a d
040 ## - CATALOGING SOURCE
- Original cataloging agency: OSt
- Transcribing agency: OSt
100 ## - HEADING--PERSONAL NAME
- Personal name: Akhmad Solikin; Yuniarto Hadiwibowo; Benny Setiawan; Amrie Firmansyah; Hendrati Dwi Mulyaningsih
670 ## - SOURCE DATA FOUND
- Source citation: Work cat.: (OSt)1743394: Akhmad Solikin; Yuniarto Hadiwibowo; Benny Setiawan; Amrie Firmansyah; Hendrati Dwi Mulyaningsih, Public Sector Accountants and Quantum Leap: How Far We Can Survive in Industrial Revolution 4.0?
